000 00854nas a2200241 a 4500
003 CBULib
005 20250423091328.0
008 080304c20069999||||||||||||||||| || u
040 _aCBULib
_bEnglish
_cCBULib
_erda
041 _aeng
050 _aCBU-LIB(058)AR/2006
110 _94465
_aCopperbelt University Library(CBU-LIB)
245 0 4 _aCopperbelt University : the library : annual report : 2006
_c/ by Copperbelt University Library(CBU-LIB)
260 _aKitwe :
_bCopperbelt University,
_c2006.
300 _a24 pages : illustrations
336 _2rdacontent
_aText |
_btxt
337 _2rdamedia
_aUnmediated |
_bn
338 _2rdacarrier
_aVolume
_bnc
650 _aANNUAL REPORTS (COPPERBELT UNIVERSITY)--ZAMBIA
650 0 _aCOPPERBELT UNIVERSITY. LIBRARY--PERIODICALS
_94463
700 _94464
_aMbewe, G.L.
_eCompiler
942 _2mc
_c030
999 _c49212
_d49212